Výberový predmet 2. : Vybraté state z kovových konštrukcií II. Predpäté kovové konštrukcie

Gespeichert in:
Bibliographische Detailangaben
1. Verfasser: Ferjenčík, Pavel (Verfasst von)
Format: Buch
Sprache:Slowakisch
Veröffentlicht: Bratislava : SVŠT v Bratislave, 1988
Tags: Tag hinzufügen
Keine Tags, Fügen Sie das erste Tag hinzu!

MARC

LEADER 00000nam a22000003a 4500
001 stu86422
005 20150617225629.9
008 040428s1988----cs------------------slo-d
020 |a 80-227-0086-X 
040 |a STU  |b slo 
041 0 |a slo 
044 |a cs 
080 |a 624.014(075.8)  |7 stu_us_auth*stu3961 
100 1 |a Ferjenčík, Pavel  |4 aut 
245 1 |a Výberový predmet 2. :  |b Vybraté state z kovových konštrukcií II. Predpäté kovové konštrukcie 
260 |a Bratislava :  |b SVŠT v Bratislave,  |c 1988 
300 |a 296 s 
996 |b 284V003743  |c V*31464/S-89  |l VVS  |s A  |a 24  |w stu86422_0002 
996 |b 284V003746  |c V*28342/S-88  |l VVS  |s A  |a 24  |w stu86422_0009 
996 |b 284V003735  |c V*28341/S-88  |l VVS  |s A  |a 24  |w stu86422_0010 
996 |b 284V003738  |c V*31463/S-89  |l VVS  |s A  |a 24  |w stu86422_0020 
996 |b 284V023494  |c V*35871/O-14933  |l VVT  |s A  |a 24  |w stu86422_0021